MDQL
is popping MORE tags! Check the
thread
!
Quizzes
Events
Quiz Creation
Community
Videos
Private Events
Remove Ads
Sign In
Join for FREE
Feedback
Dark Mode
Quiz Categories
Sports
Geography
Music
Movies
Television
Just For Fun
Miscellaneous
History
Literature
Language
Science
Gaming
Entertainment
Religion
Holiday
For Kids
Quiz Lab
Recent
Popular Today
Quiz Kudos Today
Editor Picks
Curator Picks
Quizzes by...
Day
Popularity
Type
Ratings
Length
Year
Community
Subscriptions
Recent Discussions
Orange Saloon
Badges
Playlists
Quests
Create
Leaderboards
Showdown
Live 5
Trivia Bingo
Activity
Puzzle Library
Sporcle Events
Private Events
Virtual Trivia
Globe League
Become a Host
Pub Owners
SporcleCon
Opinionation
Our Games
Videos
Blog
Mobile Apps
Partnerships
Remove Ads and Go Orange
Feedback
Music
Pop Music
The Beatles
Song
Album
Lyrics
Bands
Singers
Artist
Clip
Rock
Rap
Classical
Billboard
Country Music
Kpop
Taylor Swift
Music
Pop Music
The Beatles
Song
Album
Lyrics
Bands
Singers
Artist
Clip
Rock
Rap
Classical
Billboard
Country Music
Kpop
Taylor Swift
Random Quiz
Search Sporcle
×
Quiz Lab
Quiz Lab
Music
Kpop
Type in answers that appear in a list
Type in answers that appear in a list
Classic
Best Score? Go Orange.
KPOP Japanese Singles Stats
Can you name KPOP Japanese Singles?
By
pandaholic1
15m
36 Questions
387 Plays
387 Plays
387 Plays
Comments
Comments
Give Quiz Kudos
Give Quiz Kudos
-
- Ratings
hide this ad
Replay
Link that replays current quiz
Next Quiz
Link to next quiz in quiz playlist
You Got
0%
They Got
Avg Score
37%
Avg Friend Score
Upgrade to see
Score Distribution
Jump to the score distribution portion of the page
Score
0/36
Timer
15:00
0
Plays Today
Time
Song
% Correct
01:22 -
01:31
Mr. Taxi
88.9%
00:48 -
00:57
Hero
69%
00:11 -
00:20
Flower Power
67.2%
03:07 -
03:18
Paparazzi
63.8%
00:00 -
00:11
Gara Gara Go!!
53.5%
06:02 -
06:18
Galaxy Supernova
51.9%
02:43 -
02:58
Tell Me Goodbye
49.9%
01:58 -
02:06
Scream
48.3%
01:15 -
01:22
Tick Tack
47.8%
01:31 -
01:39
Beautiful Hangover
47.8%
04:30 -
04:40
In My Head
42.1%
03:33 -
03:43
I'm Your Man
39%
05:34 -
05:44
Promise You
39%
02:58 -
03:07
Breaking News
37.5%
04:16 -
04:22
Love In The Ice
37.5%
05:02 -
05:12
Why Did I Fall In Love With You
37%
03:43 -
03:55
Forbidden Love
36.2%
05:24 -
05:34
Blue World
35.9%
Time
Song
% Correct
05:44 -
05:55
Survivor
32.3%
03:55 -
04:04
Take Off
32%
05:55 -
06:02
Winner
32%
04:40 -
04:51
Bolero
31%
02:06 -
02:14
Love Tension
30%
01:39 -
01:51
Alone
28.7%
00:57 -
01:06
Bunny Style
27.1%
01:06 -
01:15
Superstar
27.1%
03:18 -
03:33
Android
26.9%
02:14 -
02:23
Rambling Girls
26.6%
05:12 -
05:24
Twinkle Twinkle
24.5%
02:23 -
02:32
Speed Up
24.3%
04:04 -
04:16
Every Heart
23.8%
02:32 -
02:43
Inside of Me
20.2%
00:20 -
00:35
W
19.6%
01:51 -
01:58
Your Luv
16.8%
00:35 -
00:48
Give Me Your Heart
16.5%
04:51 -
05:02
Baby U
14.7%
Quiz Playlist
Details
Report
Send in Message
Add To Playlist
Classic:
Type in answers that appear in a list
Last Updated: Feb 16, 2017
Quiz Scoreboard
CHALLENGE
Sign Up to Join the Scoreboard
Show All
Scores
Hide
Comments
May contain spoilers
Recently Published
5x2 Blitz: Bands
by SL_Kpop136
Music
30s
Colored Red Africa Blitz
by spor1
Geography
30s
Find the 'City' Movie
by crazypaving
Movies
60s
More to Explore
Quiz From the Vault
Featured Blog Post
14 Easter Pick-up Lines to Find Eggs With
hide this ad
You Might Also Like...
Tags
Kpop Quiz
Big Bang
dbsk
DBSK TVXQ
Jpop
snsd
Super Junior
Today's Top Quizzes in Music
Browse Music
hide this ad
Today's Top Quizzes in Kpop
Browse Kpop
Top Contributed Quizzes in Music
1
5X2 Blitz: Bands II
2
Taylor Swift Logic Puzzle II
3
Taylor Swift All Songs (2024)
4
5X2 Blitz: The Beatles
5
5X2 Blitz: Billboard
6
5X2 Blitz: Singers
7
5X2 Blitz: Album
8
5X2 Blitz: Rock
9
Music Artist by Three 2010s hits
10
5X2 Blitz: Billboard II
Explore More
Trending Topics
Kpop
Crossword
Marvel
Disney
Harry Potter
NBA
Anime
Country
WWE
NFL
Pokémon
Puzzle
Song
The Office
Soccer
hide this ad
More By:
pandaholic1
Quiz
Plays
Rating
Category
Featured
Created
History of k-pop songs (1997-2013)
572
4.43
Music
Nov 23, 2013
Guess K-Pop songs by INSTRUMENTAL!!
448
4.38
Music
Feb 7, 2014
KPOP Japanese Singles
387
5.00
Music
Jan 18, 2014
Go to Creator's Profile
Score Distribution
Quiz Creator Spotlight
pandaholic1
Follow
Send a Message
Quizzes Created
-
Created Quiz Play Count
-
More By This Creator
Popular Quizzes Today
1
Find the 'City' Movie
2
5x2 Blitz: Bands
3
Colored Red Africa Blitz
4
Find the US States - No Outlines Minefield
5
The Countries of the World
6
Find the US States
7
9x9 Crossword: Cartoon Network
8
US States
More Music Quizzes
TinyGrid: Kylie Minogue Singles
Quiz Lab
Trending Quizzes
Colored Red Europe Blitz I
Colored Red Africa Blitz II
Colored Red Europe Blitz III
Colored Red Europe Blitz II
Colored Red Africa Blitz III
Recently Updated
Champions League XIs: Real Madrid
pecheneg
Largest US Cities 1790-2010
pecheneg
Rides in Walt Disney World
pecheneg
Most Oscar Losses (Acting)
pecheneg
Beyoncé Albums
pecheneg
Leaping Animals
pecheneg
Reality TV Shows (A-Z)
bhenderson79
Rickey Henderson's Hall of Fame Teammates
pecheneg
Champions League XIs: Arsenal
pecheneg
Quick Pick: Celebrities in WWE's Hall of Fame
aduchscher
Trending Topics
Harry Potter
Kpop
Anime
Crossword
NBA
Marvel
Disney
Song
Soccer
Pokémon
NFL
WWE
Puzzle
The Office
Country
Your Account Isn't Verified!
In order to create a playlist on Sporcle, you need to verify the email address you used during registration. Go to your
Sporcle Settings
to finish the process.
Report this User
Report this user for behavior that violates our
Community Guidelines
.
Details:
Send Report
Go to the Sporcle.com Mobile Site →
Comments